Poesie /

সংরক্ষণ করুন:
গ্রন্থ-পঞ্জীর বিবরন
প্রধান লেখক: Cvetaeva, Marina Ivanovna (লেখক)
অন্যান্য লেখক: Zveteremich, Pietro
বিন্যাস: গ্রন্থ
ভাষা:ইতালিয়
প্রকাশিত: Milano : Feltrinelli, 1992
মালা:Universale economica ; 2056
ট্যাগগুলো: ট্যাগ যুক্ত করুন
কোনো ট্যাগ নেই, প্রথমজন হিসাবে ট্যাগ করুন!

MARC

LEADER 00000nam a2200000 i 4500
001 IT\ICCU\LO1\0300311
003 ItRI
005 20250816141701.0
008 930326s1992 it |||||| ||||| |||||c
020 |a 8807820560 
020 |a 9788807820564 (5. ed. 2009) 
040 |b ita  |c Arcigay Viterbo 
041 7 |a ita  |2 ISO-639-2 
082 |a 891.7142  |2 19 
100 1 |a Cvetaeva, Marina Ivanovna  |0 IT\ICCU\CFIV\001085  |4 aut 
245 1 0 |a Poesie /  |c Marina I. Cvetaeva ; traduzione e cura di Pietro A. Zveteremich. 
260 |a Milano :  |b Feltrinelli,  |c 1992 
300 |a 236 p. ;  |c 20 cm. 
700 1 |a Zveteremich, Pietro  |0 IT\ICCU\CFIV\053101 
830 0 |a Universale economica ;  |v 2056  |0 IT\ICCU\CFI\0001103 
942 |2 ddc  |c BK  |n 0 
952 |0 0  |1 0  |2 ddc  |4 0  |6 891_710000000000000_CVE_POE  |7 0  |9 9539  |a VT  |b VT  |d 2025-08-16  |e Donazione Alfonso Antoniozzi  |i B262  |l 0  |o 891.71 CVE POE  |p B262  |r 2025-08-16 14:18:58  |w 2025-08-16  |y BK  |z Donazione Alfonso Antoniozzi 
981 1 |6 z01  |a i   |b xxxe  
982 1 |6 z01  |a n 
999 |c 7953  |d 7953